Land grabbers (Record no. 73698)
[ view plain ]
| 000 -LEADER | |
|---|---|
| fixed length control field | 01481cam a2200265 4500 |
| 001 - CONTROL NUMBER | |
| control field | ABS67163 |
| 008 - FIXED-LENGTH DATA ELEMENTS--GENERAL INFORMATION | |
| fixed length control field | 031029n2003 000 0 eng u |
| 035 ## - SYSTEM CONTROL NUMBER | |
| System control number | (Sirsi) u124164 |
| 100 ## - MAIN ENTRY--PERSONAL NAME | |
| Personal name | Delargy, M. |
| 245 ## - TITLE STATEMENT | |
| Title | Land grabbers |
| 260 ## - PUBLICATION, DISTRIBUTION, ETC. | |
| Date of publication, distribution, etc. | 2003 |
| 490 ## - SERIES STATEMENT | |
| Series statement | Roof |
| Volume/sequential designation | 28(6) November/December 2003, 18-20(3) |
| 520 ## - SUMMARY, ETC. | |
| Summary, etc. | Looks at the growing band of housing associations that are adding the role of private house builder to that of social landlord, examines the motivation for this development and assesses their performance thus far. Housing associations are starting to buy land, building houses to their own design and integrating a large volume of affordable housing. They are motivated in part by dissatisfaction with planning gain agreements. Lack of land buying and optioning skills disadvantages housing associations vis-à-vis house builders and as long as house builders own and control the land, there will be limits on the new approach. Alternatively they can work with sympathetic landowners such as local authorities or bodies such as English Partnerships. Highlights initiatives by Bourneville Village Trust, Genesis and Emblem Homes. |
| 590 ## - LOCAL NOTE (RLIN) | |
| Local note | ABS |
| 650 ## - SUBJECT ADDED ENTRY--TOPICAL TERM | |
| Topical term or geographic name entry element | PLANNING GAIN |
| 650 ## - SUBJECT ADDED ENTRY--TOPICAL TERM | |
| Topical term or geographic name entry element | LAND PURCHASE |
| 650 ## - SUBJECT ADDED ENTRY--TOPICAL TERM | |
| Topical term or geographic name entry element | HOUSING ASSOCIATIONS |
| 650 ## - SUBJECT ADDED ENTRY--TOPICAL TERM | |
| Topical term or geographic name entry element | REGISTERED SOCIAL LANDLORDS |
| 650 ## - SUBJECT ADDED ENTRY--TOPICAL TERM | |
| Topical term or geographic name entry element | SOCIAL LANDLORDS |
| 650 ## - SUBJECT ADDED ENTRY--TOPICAL TERM | |
| Topical term or geographic name entry element | HOUSE BUILDERS |
| 650 ## - SUBJECT ADDED ENTRY--TOPICAL TERM | |
| Topical term or geographic name entry element | DEVELOPERS |
| 650 ## - SUBJECT ADDED ENTRY--TOPICAL TERM | |
| Topical term or geographic name entry element | LAND OPTIONS |
| 690 ## - LOCAL SUBJECT ADDED ENTRY--TOPICAL TERM (OCLC, RLIN) | |
| Topical term or geographic name as entry element | HOUSING-DEVELOPMENT |
| 942 ## - ADDED ENTRY ELEMENTS (KOHA) | |
| Suppress in OPAC | 0 |
| Withdrawn status | Lost status | Source of classification or shelving scheme | Damaged status | Not for loan | Home library | Current library | Shelving location | Date acquired | Total Checkouts | Full call number | Barcode | Date last seen | Copy number | Price effective from | Koha item type |
|---|---|---|---|---|---|---|---|---|---|---|---|---|---|---|---|
| Dewey Decimal Classification | London | London | Journal article | 29/10/2003 | ABS67163 | 124164-1001 | 06/08/2019 | 1 | 06/08/2019 | Journal article |